00635 2200229 4500001002100000005001500021035002000036007000300056008004100059020000600100082001700106084002300123245006800146250000600214260005200220300002600272650001400298650001100312110003100323856002800354990002300382INLIS00000000000668920231109080200 a0010-1023000029ta231109 0 ind  a- a631.528(594) a631.528(594) BAD k1 aKesimpulan dan Kertas-Kertas Karya Loka Karya Pemuliaaan Mutasi a- aYogjakarta :bBadan Tenaga Atom Nasional,c1974 a221p. :bilus ;c24p. 4aPemuliaan 4aMutasi0 aBadan Tenaga Atom Nasional aPerpustakaan BSIP Jatim a392/BSIPJATIM/2023